Statistiques concernant Meilleurs sons de Werenoi

Cliquez ici pour prendre le quiz!

Statistiques générales

  • Ce quiz a été pris 562 fois
    (62 depuis la dernière actualisation)
  • Le résultat moyen est 7 sur 15

Statistiques - réponses

RangTitresStreams% Correct
2Laboratoire90,4M
69%
3La League84,2M
69%
4Chemin d'or61,2M
67%
14Pyramide (ft. Damso)27,9M
65%
1Solitaire93,1M
58%
103 singes (ft. Ninho)35,8M
50%
15Tu connais41,4M
48%
610.03.202345,9M
40%
8Scarface42,0M
40%
5Ciao (ft. Ninho)51,4M
38%
12Escorte (ft. PLK)33,4M
38%
11Tout seul (ft. Tiakola)34,8M
38%
7All eyes on me42,5M
33%
13Selfie (ft. Maes)30,9M
23%
9Vulgaire38,6M
13%

Distribution des résultats

Percentile par nombre de réponses

% des personnes avec chaque résultat

Votre développement - résultats

Vous n’avez pas pris ce quiz depuis la dernière actualisation